| 000 | 01748nam a2200385 a 4500 | ||
|---|---|---|---|
| 001 | ebr10506407 | ||
| 003 | CaPaEBR | ||
| 006 | m u | ||
| 007 | cr cn||||||||| | ||
| 008 | 110331s2011 dcua sb i001 0 eng d | ||
| 010 | _z 2011012219 | ||
| 020 | _z9780821387481 | ||
| 020 | _z9780821387498 (e-book) | ||
| 040 |
_aCaPaEBR _cCaPaEBR |
||
| 035 | _a(OCoLC)747105351 | ||
| 050 | 1 | 4 |
_aHG3753 _b.C435 2011eb |
| 082 | 0 | 4 |
_a332.7/42 _222 |
| 245 | 0 | 0 |
_aTrade finance during the great trade collapse _h[electronic resource] / _cJean-Pierre Chauffour and Mariem Malouche, editors. |
| 260 |
_aWashington, D.C. : _bWorld Bank, _c2011. |
||
| 300 |
_axxi, 402 p. : _bill. |
||
| 490 | 1 | _aTrade and development series | |
| 504 | _aIncludes bibliographical references and index. | ||
| 505 | 0 | _asection 1. Specificity of trade credit and trade finance during crisis -- section 2. Trade finance during the 2008-09 crisis : innocent or guilty? -- section 3. Underpinnings of trade finance intervention during financial crisis -- section 4. Institutional trade finance support during the 2008-09 financial crisis. | |
| 533 |
_aElectronic reproduction. _bPalo Alto, Calif. : _cebrary, _d2013. _nAvailable via World Wide Web. _nAccess may be limited to ebrary affiliated libraries. |
||
| 650 | 0 | _aExport credit. | |
| 650 | 0 |
_aExports _xFinance. |
|
| 650 | 0 | _aFinancial crises. | |
| 650 | 0 | _aInternational trade. | |
| 655 | 7 |
_aElectronic books. _2local |
|
| 700 | 1 | _aChauffour, Jean-Pierre. | |
| 700 | 1 |
_aMalouche, Mariem, _d1973- |
|
| 710 | 2 | _aebrary, Inc. | |
| 830 | 0 | _aTrade and development series. | |
| 856 | 4 | 0 |
_uhttp://site.ebrary.com/lib/rucke/Doc?id=10506407 _zAn electronic book accessible through the World Wide Web; click to view |
| 999 |
_c219983 _d219983 |
||